=LDR 00000nam 2200000 4500 =001 INLIS000000000012698 =005 20170227093409.0 =006 =007 =008 Ind =035 ##$$0010-061300000012698 =041 ##$$a Ind =082 ##$$a 615.4 =090 ##$$a 615.4, Ani f =100 ##$$a Anief, Moh =245 ##$$a Farmasetika, Moh. Anief =260 ##$$a 1994 $b Yogyakarta =300 ##$$a 241 hlm., Ilus, 21 cm =650 ##$$a Farmasetika =850 ##$$a NBPNMAT